000 00796nam a22002177a 4500
999 _c18974
_d18974
003 AR-CdUCM
008 190515b ||||| |||| 00| 0 spa d
040 _aMUNICIPALIDAD PROVINCIAL DEL CUSCO
_cBIBLIOTECA MUNICIPAL DEL CUSCO
082 _a347.5 /
_bP59
100 _aPino Carpio, Remigio
_939949
245 _aLey N° 16587 sobre títulos de valores :
_bSu estudio doctrinario comentado y concordado /
260 _aLima :
_bJurídica,
_c1970.
300 _a428 páginas ;
_c25 cm.
505 _aContenido : Títulos valores -- Estudio del articulado -- De los títulos al portador -- La letra de cambio...
650 _aDerecho
_9739
650 _aLetra de cambio
_928688
650 _aPagare y el vale de cambio
_939950
650 _aCheque
_939951
942 _2ddc
_cLIBROS
945 _arcc